Nadežnosť techničeskich sistem s vremennoj izbytočnostju /

Na minha lista:
Detalhes bibliográficos
Autor principal: Čerkesov, Genedij N. (Author)
Formato: Livro
Idioma:russo
Publicado em: Moskva : Sovetskoje radio, 1974
Tags: Adicionar Tag
Sem tags, seja o primeiro a adicionar uma tag!

MARC

LEADER 00000nam a22000003a 4500
001 stu35280
005 20150617225655.1
008 920413s1974----xxr-----------------rus-d
040 |a STU  |b slo 
041 0 |a rus 
044 |a xxr 
100 1 |a Čerkesov, Genedij N.  |4 aut 
245 1 |a Nadežnosť techničeskich sistem s vremennoj izbytočnostju /  |c [aut.]G.N. Čerkesov 
260 |a Moskva :  |b Sovetskoje radio,  |c 1974 
300 |a 294 s 
996 |b 284M012646  |c M*5808-1  |l MMKN  |s A  |a 24  |w stu35280_0001